Dorpen van Tongeren - Statistieken

Algemene statistieken
  • Deze quiz is 11 keer genomen
  • De gemiddelde score is 13 van 16
Antwoordstatistieken
Hint Antwoord % Correct
b Berg
100%
l Lauw
100%
m Mal
100%
p Piringen
100%
sh s' Herenelderen
100%
v Vreren
100%
w Widooie
100%
d Diets-Heur
67%
h Henis
67%
k Koninksem
67%
n Neerrepen
67%
n Nerem
67%
o Overrepen
67%
r Riksingen
67%
s Sluizen
67%
r Rutten
33%
Geen overeenkomende quizzen gevonden
Scoreverdeling
Procent van Mensen met Elke Score
Percentiel versus Aantal Correcte Antwoorden
Uw Scoregeschiedenis
U heeft deze quiz nog niet genomen